Представление документа в формате RUSMARC

ПолеНазваниеЗначение
  Тип записи a
  Библиографический уровень a
001 Контрольный номер RU/CBS_Ul/BASE/457713850
005 Дата корректировки 20240209175141.2
100 Данные общей обработки __
a Данные общей обработки 20140703d2014 ||| 0rusy0189 ca
101 Язык документа 0_
a Язык текста rus
102 Страна публикации __
a Страна публикации RU
105 Кодированные данные (монография) __
a Кодированные данные (монография) y###||||000|y
200 Заглавие и сведения об ответственности 1_
a Заглавие Сочи-2014: счастливое число тринадцать
b Общее обозначение материала Текст
e Сведения, относящиеся к заглавию [российские победы на Олимпиаде - 2014 ]
f Первые сведения об ответственности В. Михайлова, А. Владимирова
300 Общие примечания __
a Общие примечания Ограничения по возрасту - 16+
461 Уровень набора _0
1 2000
a Русский репортер
463 Уровень физической единицы _0
1 001RU/CBS_Ul/BASE/457549073
1 2000
a №8 (27-6 марта)
v С. 66-73.
1 210
d 2014
606 Тематические рубрики __
a Основная рубрика Олимпийские игры - Сочи - 2014
y Географическая подрубрика Сочи, город (Краснодарский край)
610 Ключевые слова 0_
a Ключевые слова Олимпийские игры
a Ключевые слова победители Олимпиады
a Ключевые слова российские спортсмены
a Ключевые слова спорт
686 Индексы других классификаций __
a Классификационный индекс 75.4
2 Код системы ББК
700 Автор _1
a Фамилия Михайлова
b Имя (инициалы) В.
701 Альтернативная интеллектуальная ответственность _1
a Фамилия Владимирова
b Имя (инициалы) А.
801 Источник записи _0
a Страна RU
b Организация МБУК ЦБС г. Ульяновска
c Дата составления 20140703
g Правила каталогизации RCR
801 Источник записи _1
a Страна RU
b Организация МБУК ЦБС г. Ульяновска
c Дата составления 20140703
g Правила каталогизации RCR
901 Тип документа __
t Тип документа b
w Контрольный № источника RU/CBS_Ul/BASE/457549073
910 Корректоры записи __
a Корректор записи Библиотека 8
938 Служебная информация __
a Имя БД period